000 00524nam a2200205Ia 4500
008 170918s9999 xx 000 0 und d
020 _a9780746079973
050 _bL131 2004
100 _aLacey, Minna
245 _aChristopher Columbus /
245 _cby Minna Lacey ; illustrated by David Cuzik.
260 _aLondon :
260 _bUsborne Publishing Ltd.,
260 _c2004
300 _a64 pages :
300 _bchiefly colored ;
300 _c20cm.
440 _aUsborne young reading.
500 _a830
999 _c343039
_d343039